000 00401nam a22001697a 4500
003 OSt
008 240401b |||||||| |||| 00| 0 eng d
020 _a9789386296979
082 _a823.8 NAC
100 _aNAYAR, Pramod K, ed.
245 _aVictorian Literature
250 _aIst. ed.
260 _a Telangana
_bOrient BlackSwan
_c2017
300 _a225 p.
650 _aEnglish
942 _2ddc
_cBK
999 _c12368
_d12368